Sports Quiz

Random Sports or Baseball Quiz

Opening Day Lineups: Rangers Quiz Stats

 Plays Quiz Updated Apr 6, 2021

Support Sporcle.
Go Orange.
Score 0/300 Timer 20:00
16 Plays Today
Year Player % Correct
1992Ivan Rodriguez
85.9%
1993Ivan Rodriguez
85.9%
1994Ivan Rodriguez
85.9%
1995Ivan Rodriguez
85.9%
1996Ivan Rodriguez
85.9%
1997Ivan Rodriguez
85.9%
1998Ivan Rodriguez
85.9%
1999Ivan Rodriguez
85.9%
2000Ivan Rodriguez
85.9%
2001Ivan Rodriguez
85.9%
2002Ivan Rodriguez
85.9%
2001Alex Rodriguez
85.8%
2002Alex Rodriguez
85.8%
2003Alex Rodriguez
85.8%
2008Josh Hamilton
82.9%
2009Josh Hamilton
82.9%
1996Darryl Hamilton
81.7%
2002Michael Young
80.6%
2003Michael Young
80.6%
2004Michael Young
80.6%
2005Michael Young
80.6%
2006Michael Young
80.6%
2007Michael Young
80.6%
2008Michael Young
80.6%
2009Michael Young
80.6%
2010Josh Hamilton
79.3%
2010Michael Young
76.6%
2011Josh Hamilton
76.4%
2012Josh Hamilton
76.4%
2011Adrian Beltre
75.4%
2012Adrian Beltre
75.4%
2013Adrian Beltre
75%
1992Juan Gonzalez
74.8%
1993Juan Gonzalez
74.8%
1994Juan Gonzalez
74.8%
1999Juan Gonzalez
74.8%
2002Juan Gonzalez
74.8%
2003Juan Gonzalez
74.8%
1996Juan Gonzalez
74.8%
1998Juan Gonzalez
74.8%
2014Adrian Beltre
73.4%
2006Ian Kinsler
73%
2007Ian Kinsler
73%
2008Ian Kinsler
73%
2009Ian Kinsler
73%
2009Elvis Andrus
72.5%
2011Michael Young
72%
2012Michael Young
72%
2011Elvis Andrus
71.8%
2012Elvis Andrus
71.8%
2015Adrian Beltre
71.8%
2013Elvis Andrus
71.3%
2010Elvis Andrus
69.4%
2014Elvis Andrus
69.4%
2016Adrian Beltre
69.4%
2011Ian Kinsler
68.7%
2012Ian Kinsler
68.7%
2021Joey Gallo
67.9%
2013Ian Kinsler
67.9%
1992Rafael Palmeiro
67.8%
1993Rafael Palmeiro
67.8%
1999Rafael Palmeiro
67.8%
2000Rafael Palmeiro
67.8%
2001Rafael Palmeiro
67.8%
2002Rafael Palmeiro
67.8%
2003Rafael Palmeiro
67.8%
2015Elvis Andrus
67.6%
2009Nelson Cruz
66.5%
2016Elvis Andrus
65.1%
2010Nelson Cruz
63.6%
2011Nelson Cruz
63.2%
2012Nelson Cruz
63.2%
1992Nolan Ryan
62.9%
2021Kyle Gibson
62.6%
2020Elvis Andrus
62.4%
2013Nelson Cruz
62.4%
2017Elvis Andrus
62.1%
2018Adrian Beltre
62%
2016Rougned Odor
58.5%
2018Elvis Andrus
58.3%
2014Prince Fielder
58%
2015Rougned Odor
57.9%
2004Mark Teixeira
57.9%
2006Mark Teixeira
57.9%
2005Mark Teixeira
57.9%
2007Mark Teixeira
57.9%
2020Rougned Odor
57.8%
2017Rougned Odor
56.3%
2015Prince Fielder
56%
2020Joey Gallo
55.9%
2019Elvis Andrus
55.4%
2011CJ Wilson
53.7%
2013Mitch Moreland
53.3%
2002Hank Blalock
53%
2003Hank Blalock
53%
2004Hank Blalock
53%
2005Hank Blalock
53%
2006Hank Blalock
53%
2007Hank Blalock
53%
2008Hank Blalock
53%
Year Player % Correct
2009Hank Blalock
53%
2018Rougned Odor
52.9%
1995Kenny Rogers
52.5%
2000Kenny Rogers
52.5%
2004Kenny Rogers
52.5%
2009Chris Davis
52.5%
2013Leonys Martin
52.3%
2011Mike Napoli
52.2%
2012Mike Napoli
52.2%
2016Prince Fielder
52.2%
2014Mitch Moreland
51.5%
2014Josh Wilson
51.2%
2014Leonys Martin
51%
2015Mitch Moreland
50.6%
2019Rougned Odor
50.5%
2015Leonys Martin
50.1%
2017Joey Gallo
49.9%
2015Shin-Soo Choo
49.5%
2010Chris Davis
49.5%
2014Shin-Soo Choo
49.4%
2016Cole Hamels
49.4%
2010Vladimir Guerrero
48.9%
2018Joey Gallo
48.7%
1994Manny Lee
48.3%
2016Shin-Soo Choo
48.2%
2016Mitch Moreland
48.1%
2017Yu Darvish
47.9%
2020Shin-Soo Choo
47.2%
2019Joey Gallo
47.1%
2004Alfonso Soriano
46.6%
2005Alfonso Soriano
46.6%
2017Shin-Soo Choo
45.5%
1992Dean Palmer
45.1%
1993Dean Palmer
45.1%
1994Dean Palmer
45.1%
1995Dean Palmer
45.1%
1997Dean Palmer
45.1%
2017Mike Napoli
45%
1992Ruben Sierra
44.6%
2003Ruben Sierra
44.6%
2016Delino DeShields
44.5%
2021Nick Solak
44.5%
2007Kevin Millwood
44.3%
2008Kevin Millwood
44.3%
2009Kevin Millwood
44.3%
2006Kevin Millwood
44.3%
1995Rusty Greer
44.2%
1996Rusty Greer
44.2%
1997Rusty Greer
44.2%
1998Rusty Greer
44.2%
1999Rusty Greer
44.2%
2000Rusty Greer
44.2%
2001Rusty Greer
44.2%
1994Will Clark
44%
1995Will Clark
44%
1996Will Clark
44%
1998Will Clark
44%
2009Jarrod Saltalamacchia
43.7%
2012Colby Lewis
43%
2012David Murphy
42.9%
2018Shin-Soo Choo
42.6%
1994Kevin Brown
42.3%
2013David Murphy
42.3%
2018Cole Hamels
42.2%
1993Jose Canseco
42.1%
1994Jose Canseco
42.1%
2008David Murphy
42%
2010Jarrod Saltalamacchia
40.9%
2018Delino DeShields
40.3%
2020Lance Lynn
39.5%
2021Isiah Kiner-Falefa
39.3%
1993Julio Franco
39.3%
2017Nomar Mazara
38.3%
2016Robinson Chirinos
37.8%
2015Robinson Chirinos
37.7%
2019Delino DeShields
37.6%
2007Sammy Sosa
37.5%
2013Matt Harrison
37.3%
2020Robinson Chirinos
37.1%
2018Nomar Mazara
35.8%
2007Kenny Lofton
35.4%
2018Robinson Chirinos
33.8%
2019Nomar Mazara
33.2%
2017Carlos Gomez
32.4%
2005Gary Matthews Jr.
31.7%
2004Laynce Nix
31.6%
2006Laynce Nix
31.6%
2013A.J. Pierzynski
31.3%
2013Lance Berkman
31.2%
2008Milton Bradley
30.3%
2010Julio Borbon
30.3%
2002Chan Ho Park
30.3%
2017Jonathan Lucroy
29.6%
2004Gerald Laird
29.1%
2007Gerald Laird
29.1%
2008Gerald Laird
29.1%
2019Mike Minor
29.1%
2017Jurickson Profar
28.9%
2004Kevin Mench
28.6%
2005Kevin Mench
28.6%
Year Player % Correct
2006Kevin Mench
28.6%
2019Asdrubal Cabrera
28.6%
1996Mark McLemore
28.2%
1997Mark McLemore
28.2%
1998Mark McLemore
28.2%
2011Yorvit Torrealba
28%
2012Yorvit Torrealba
28%
2019Ronald Guzman
27.6%
2020Danny Santana
27.5%
2008Marlon Byrd
27.3%
2009Marlon Byrd
27.3%
2020Todd Frazier
27.2%
1996Ken Hill
27.1%
1997Ken Hill
27.1%
2011Julio Borbon
26.8%
2010Scott Feldman
26.6%
1999Royce Clayton
26.6%
2000Royce Clayton
26.6%
1995Mickey Tettleton
26.4%
1996Mickey Tettleton
26.4%
1997Mickey Tettleton
26.4%
1999Rick Helling
26.4%
2001Rick Helling
26.4%
2020Isiah Kiner-Falefa
25.9%
2014Alex Rios
25.9%
1995Otis Nixon
25.5%
2005Rod Barajas
25.3%
2006Rod Barajas
25.3%
2015Ryan Rua
25.1%
2016Ian Desmond
25.1%
2015Yovani Gallardo
24.9%
2019Jeff Mathis
24.5%
1993Benji Gil
24.3%
1995Benji Gil
24.4%
1997Benji Gil
24.3%
2019Hunter Pence
24.2%
1998Tom Goodwin
22.8%
1999Tom Goodwin
22.8%
2007Frank Catalanotto
22.6%
2002Frank Catalanotto
22.6%
1997Lee Stevens
21.9%
1998Lee Stevens
21.9%
1999Lee Stevens
21.9%
2020Nick Solak
21.6%
2006Brad Wilkerson
21.4%
2007Brad Wilkerson
21.4%
2021Eli White
21.2%
2014Tanner Scheppers
21.2%
2018Ryan Rua
20.9%
2014J.P. Arencibia
20.9%
2002Carl Everett
20.5%
2003Carl Everett
20.5%
2001Ken Caminiti
20.3%
1996Kevin Elster
20%
1998Kevin Elster
20%
2003Einar Diaz
19.9%
1999Todd Zeile
19.9%
2001Andres Galarraga
19.6%
2000Gabe Kapler
19.4%
2002Gabe Kapler
19.4%
2004David Dellucci
18.8%
2005David Dellucci
18.8%
1993David Hulse
18.7%
1994David Hulse
18.7%
2010Andres Blanco
18.5%
1998John Burkett
18.3%
2021Jose Trevino
18.1%
2021Brock Holt
18%
2005Richard Hidalgo
16.6%
1993Billy Ripken
16.5%
1999Luis Alicea
16.5%
2000Luis Alicea
16.5%
2004Brad Fullmer
16.4%
2006Phil Nevin
16.2%
1998Fernando Tatis
16.1%
2000David Segui
16.1%
2000Ruben Mateo
15.8%
2001Ruben Mateo
15.8%
2003Doug Glanville
15.5%
1995Jeff Frye
15.3%
2008Ben Broussard
15.1%
1992Brian Downing
15%
2003Ismael Valdez
15%
1994Chris James
14.7%
2001Randy Velarde
14.7%
2021Leody Taveras
14.3%
2021Nate Lowe
14.2%
2005Ryan Drese
14.1%
2000Tom Evans
13.2%
1992Dickie Thon
12.5%
2001Bo Porter
11.6%
2021David Dahl
11.4%
1997Damon Buford
11.4%
1993Craig Lefferts
11.3%
1992Al Newman
11.2%
1994Doug Strange
11%
1997Warren Newson
10.3%
1995Billy Hatcher
10%
1996Craig Worthington
9.9%
1992Monty Fariss
9.7%

You're not logged in!

Compare scores with friends on all Sporcle quizzes.
OR
Log In

From the Vault

Opening Day Lineups: Diamondbacks

by statto

It's fun to look back on the last 20 years: Diamondbacks Edition.
Remove Ads.
Support Sporcle.
Get the best of Sporcle when you Go Orange. This ad-free experience offers more features, more stats, and more fun while also helping to support Sporcle. Thank you for becoming a member.

Show Comments

Extras

Top Quizzes Today


Score Distribution

Your Account Isn't Verified!

In order to create a playlist on Sporcle, you need to verify the email address you used during registration. Go to your Sporcle Settings to finish the process.

Report this User

Report this user for behavior that violates our Community Guidelines.

Details: